000 00469nam a2200157Ia 4500
005 20250613040021.0
008 240331s9999 xx 000 0 und d
020 _a9558365254
082 _bMAR
_a306
100 _aMarasingha, J
245 0 _aKatha kathunge pathiwatha pilibanda aadikshana warthawa
260 _aNugegoda
_bSanhindu Printing & Publication
_c2000
300 _a209 p .,
500 _aMonitoring Report on the "Patiwata" of the Kannada Women
942 _cL
999 _c2177
_d2177